00766nam a22001935i 4500001000700000003000900007005001700016008004100033040003000074100006400104245007100168260003300239300002700272490004200299830005000341852003600391999001900427952012600446157360ES-MaACL20250627063651.0000209s1853 fr |||| | fre d aCCPB | B bspa cCCPB | B1 aViollet-le-Duc, Emmanuel Louis Nicolas, d1781-1857913378710aSix mois de la vie d'un jeune homme (1797) / cpar Viollet le Duc. aParis : bP. Jannet, c1853. aVII, 255 p. ; c17 cm.1 aBibliothèque elzévirienne ; v1050 aBibliothèque elzévirienne ; v1059180979 aES-MaACLjG-2368 z-- Enc. tela c157360d157360 001040708LIBXIXaATENEOMbATENEOMcDEPO2d2008-01-17eSSCl0oG-2368p1164676r2023-02-23 00:00:00w2023-02-23yMONANT